| 000 | 01123nam a2200301 c 4500 | ||
|---|---|---|---|
| 999 |
_c344462 _d344462 |
||
| 003 | BLK | ||
| 005 | 20200427124920.0 | ||
| 008 | 180911b bul|||||r ||||||| ||bul|| | ||
| 010 | _a004127 | ||
| 040 | _aBLK | ||
| 041 |
_aFRE _cBUL |
||
| 080 | _z398.5(470) | ||
| 100 | 1 |
_aBOGATYREV, Peter _eпърви автор _9397978 |
|
| 245 | 0 | 0 | _aLes jeux dans les rites funebres en Russie subcarpathique |
| 260 |
_aParis _bUniv. de France _c(1925) |
||
| 300 |
_a28 с _bс ил. _c24 см |
||
| 380 | _a5 | ||
| 490 |
_aЧастна колекция - Академик Михаил Арнаудов _gДарение - Основен фонд |
||
| 500 | _aАвтограф с текст: В знак глубокого уважения проф. М. Арнаудову благодарный П. Богатырев; Подчертавания в текста.; | ||
| 501 | _aExtr. Le Monde slave : 1925. - с. 196 - 224 : с ил. | ||
| 520 | _aМихаил Арнаудов: негови-книга | ||
| 650 |
_aФолклор _9175904 |
||
| 655 |
_aЕтнология _9396841 |
||
| 700 | 1 |
_aP. Bogatyrev _9399805 |
|
| 852 |
_aМА 3505 _bМА |
||
| 942 |
_cKNG _n0 _s1 |
||
| 944 |
_aCR _c1994 |
||
| 999 | _d344462 | ||
| 999 | _d344462 | ||